00222nam a2200097Ia 4500100001700000654002200017245002200039260003900061082001200100546001200112 aGrant/ H.E.  aJigs and fixtures aJigs and Fixtures bTata Mc Graw hillaNew Delhic1979 a621.992 aENGLISH